000 01642cam a2200469 i 4500
001 28871
003 KOSZ 005
005 20250828104233.0
008 250812s1987 pl a g 001 0 pol
015 _aUWD 1988/106
020 _a8321331467
035 _a991002931559705066
035 _a(PL-WaBN)b10794335-48omnis_nlop
035 _ab10794335
035 _a(OCoLC)834780281
035 _a(PL)b0000001079433
035 _a(EXLNZ-48OMNIS_NETWORK)9910391883905606
040 _aWA N
_cWA N
_dKOSZ 005/EG
_dKOSZ 005/RW
080 _a7.03(438)(091)
100 1 _aKębłowski, Janusz
_d(1930-2012)
_eAutor
245 1 0 _aDzieje sztuki polskiej :
_bpanorama zjawisk od zarania do współczesności /
_cJanusz Kębłowski.
250 _aWydanie I.
260 _aWarszawa :
_b"Arkady",
_c1987.
300 _a285, [2] stron, [104] strony tablic (w tym kolorowych) :
_bfaksy, fotografie, portrety, rysunki ;
_c25 cm.
336 _aTekst
_btxt
_2rdacontent
337 _aBez urządzenia pośredniczącego
_bn
_2rdamedia
338 _aWolumin
_bnc
_2rdacarrier
380 _aKsiążki
380 _aPublikacje popularnonaukowe
388 1 _a1901-2000
388 1 _a1945-1989
504 _aBibliografia na stronach 218-230. Indeksy.
650 7 _aHistoria
650 7 _aStyle i kierunki artystyczne
651 7 _aPolska
655 7 _aSztuka polska
658 _aKultura i sztuka
710 2 _aWydawnictwo Arkady
_4pbl
856 _uhttp://koha.tu.koszalin.pl/cgi-bin/koha/opac-detail.pl?biblionumber=28871
_yKatalog online BPK
942 _2UKD
_cKS
999 _c28871
_d28871